000
00251nam a2200097Ia 4500
001
1121138
005
20250827004638.0
008
250824s9999 xx 000 0 und d
245
0
_a
GÜN OLUR ASRA BEDEL
_c
CENGİZ AYTMATOZ
260
_b
KETEBE YAYINEVİ
999
_c
1121138
_d
1121138